000 00543nam a2200205Ia 4500
005 20250508152435.0
008 008 250505s9999 xx 000 0 eng d
037 _aTextual
040 _aFEDL
_beng
_cFEDL
041 _aeng
_2eng
084 _a910, FRE
_qFEDL
100 _aFreeman Otis W
245 0 _aEssentials of geography
250 _a2
260 _aNew York, USA
_bMacmillan and Company Ltd.
_c1959
300 _aviii,543p
700 _a Raup H F
_9761491
942 _cTEXL
_h910, FRE
999 _c1336435
_d1336435